000 00981cam a2200265 a 4500
008
020 _a3880851867
090 _aTH153
_bSCH
100 1 _aSchreckenbach, Hannah.
245 1 0 _aConstruction technology for a tropical developing country /
_cHannah Schreckenbach with the assistance of Jackson G.K. Abankwa.
260 _aEschborn :
_bGerman Agency for Technical Cooperation for the Dept. of Architecture, University of Science and Technology, Kumasi, Ghana,
_c[1983?]
300 _a338 p. :
_bchiefly ill. (some col.) ;
_c31 cm.
504 _aIncludes bibliographical references.
500 _aIncludes index.
650 0 _aBuilding
_zTropics.
650 0 _aBuilding
_zDeveloping countries.
700 1 _aAbankwa, Jackson G.K.
740 0 _aConstruction technology.
907 _a.b10183504
_b11-02-13
_c19-12-05
003
005 20230120131032.0
040 _cNUST
049 _aMAIN
942 _cBOOKS
_kTH153
_mSCH
999 _c95681
_d95681